| 000 | 00695nam a2200193 a 4500 | ||
|---|---|---|---|
| 005 | 20210223120719.0 | ||
| 008 | 991125s1974 bue 000 0 spa u | ||
| 035 | _aUPN01000005991 | ||
| 049 | _aCG | ||
| 050 | 4 |
_aB3639 A5 _bB5.28 1974 |
|
| 100 | 1 |
_aRosmini Serbati, Antonio, _d1797-1855 |
|
| 245 | 1 | 0 |
_aBreve esquema de los sistemas de filosofía moderna y de mi propio sistema / _cAntonio Rosmini Serbati ; tr. del italiano y pról. de Luis Rodríguez Aranda. |
| 260 |
_aBuenos Aires : _bAguilar, _c1974. |
||
| 300 | _a91 p. | ||
| 440 | 0 |
_aBiblioteca de iniciación filosófica ; _v15 |
|
| 600 | 1 | 4 |
_aROSMINI SERBATI, ANTONIO, _d1797-1855 |
| 650 | 4 |
_aFILOSOFIA ITALIANA _917739 |
|
| 905 | _aLibro | ||
| 999 |
_c5991 _d5991 |
||